Faculty of Law Library — Cairo University

Official Online Catalog

International commercial arbitration in New York / (Record no. 65899)

MARC details
000 -LEADER
fixed length control field 02322cam a2200385 i 4500
003 - CONTROL NUMBER IDENTIFIER
control field EG-GICUC
005 - DATE AND TIME OF LATEST TRANSACTION
control field 20260309111325.0
008 - FIXED-LENGTH DATA ELEMENTS--GENERAL INFORMATION
fixed length control field 131211s2013 nyu frb 001 0 eng d
020 ## - INTERNATIONAL STANDARD BOOK NUMBER
International Standard Book Number 9780199938612
Qualifying information pbk.
020 ## - INTERNATIONAL STANDARD BOOK NUMBER
International Standard Book Number 019993861X
Qualifying information pbk.
040 ## - CATALOGING SOURCE
Original cataloging agency DLC
Language of cataloging eng
Transcribing agency DLC
Description conventions rda
Modifying agency EG-GiCUC
043 ## - GEOGRAPHIC AREA CODE
Geographic area code n-us---
-- n-us-ny
050 00 - LIBRARY OF CONGRESS CALL NUMBER
Classification number K2400
Item number .I59243 2013
082 04 - DEWEY DECIMAL CLASSIFICATION NUMBER
Edition number 21
Classification number 347.224
092 04 - LOCALLY ASSIGNED DEWEY CALL NUMBER (OCLC)
Edition number 21
099 ## - LOCAL FREE-TEXT CALL NUMBER (OCLC)
Classification number Law 12 2013
245 00 - TITLE STATEMENT
Title International commercial arbitration in New York /
Statement of responsibility, etc. edited by James H. Carter & John Fellas.
250 ## - EDITION STATEMENT
Edition statement Paperback edition.
264 #1 - PRODUCTION, PUBLICATION, DISTRIBUTION, MANUFACTURE, AND COPYRIGHT NOTICE
Place of production, publication, distribution, manufacture New York, NY :
Name of producer, publisher, distributor, manufacturer Oxford University Press,
Date of production, publication, distribution, manufacture, or copyright notice 2013.
300 ## - PHYSICAL DESCRIPTION
Extent lviii, 710 pages ;
Dimensions 26 cm
336 ## - CONTENT TYPE
Content type term text
Source rdacontent
337 ## - MEDIA TYPE
Media type term Computer
Source rdamedia
338 ## - CARRIER TYPE
Carrier type term Online Resource
Source rdacarrier
504 ## - BIBLIOGRAPHY, ETC. NOTE
Bibliography, etc. note Includes bibliographical references and index.
505 00 - FORMATTED CONTENTS NOTE
Formatted contents note The law applicable to international arbitration in New York / David M. Lindsey and Yasmine Lahlou -- The impact of U.S. litigation / Oliver J. Armas & George Bundy Smith -- Drafting considerations for clauses designating New York as the place of arbitration / Paul D. Friedland -- The application of New York law to contracts / David W. Rivkin -- The selection of arbitrators / James H. Carter -- Jurisdiction : courts vs. arbitrators / George A. Bermann -- Enforcing international arbitration agreements / John Fellas -- Obtaining preliminary relief / Robert H. Smit and Tyler B. Robinson -- Discovery / John L. Gardiner, Lea Haber Kuck, and Julie Bédard -- Damages in international arbitration / Claudia T. Salomon and Peter D. Sharp -- Class action arbitration / William H. Baker -- Challenging and enforcing international arbitral awards in New York courts / John V.H. Pierce and David N. Cinotti -- Enforcing awards involving foreign sovereigns / Brian King, Alexander Yanos, Jessica Bannon Vanto, and Phillip Riblett.
650 #0 - SUBJECT ADDED ENTRY--TOPICAL TERM
Topical term or geographic name entry element International commercial arbitration.
650 #0 - SUBJECT ADDED ENTRY--TOPICAL TERM
Topical term or geographic name entry element Arbitration agreements, Commercial.
650 #0 - SUBJECT ADDED ENTRY--TOPICAL TERM
Topical term or geographic name entry element Arbitration and award
Geographic subdivision United States.
650 #0 - SUBJECT ADDED ENTRY--TOPICAL TERM
Topical term or geographic name entry element Arbitration and award
Geographic subdivision New York (State)
-- New York.
700 1# - ADDED ENTRY--PERSONAL NAME
Personal name Carter, James H.,
Dates associated with a name 1943-
Relator term editor.
700 1# - ADDED ENTRY--PERSONAL NAME
Personal name Fellas, John.,
Relator term editor.
856 40 - ELECTRONIC LOCATION AND ACCESS
Uniform Resource Identifier <a href="https://fll.law.cu.edu.eg/fulltext/bks/ENGB12-00076.pdf">https://fll.law.cu.edu.eg/fulltext/bks/ENGB12-00076.pdf</a>
905 ## - Cataloger and Reviser Names
Cataloger Name: Hend El khosy
942 ## - ADDED ENTRY ELEMENTS (KOHA)
Source of classification or shelving scheme Dewey Decimal Classification
Koha item type Books
Edition 21
Suppress in OPAC No
Holdings
Withdrawn status Lost status Source of classification or shelving scheme Damaged status Not for loan Collection Home library Current library Date acquired Total checkouts Full call number Barcode Date last seen Copy number Price effective from Koha item type Public note
    Dewey Decimal Classification     القانون الدولي الخاص جــــامعة القــاهرة مكتبة كلية الحقوق - فـرع الشيخ زايد 09.03.2026   Law2 12 347.224 CA . I 2013 1200076 C1 ENGB12-00076 09.03.2026 1 09.03.2026 Books 667
    Dewey Decimal Classification     القانون الدولي الخاص جــــامعة القــاهرة مكتبة كلية الحقوق - فـرع الشيخ زايد 09.03.2026   Law2 12 347.224 CA . I 2013 1200077 C2 ENGB12-00077 09.03.2026 1 09.03.2026 Books 668

© All rights reserved — Faculty of Law, Cairo University